I Congreso Iberoamericano de Informática y Auditoría (Record no. 10108)

MARC details
000 -LEADER
campo de control de longitud fija 00907nam a2200241 i 4500
001 - NÚMERO DE CONTROL
campo de control 10108
003 - IDENTIFICADOR DE NÚMERO DE CONTROL
campo de control ES-MaACL
005 - FECHA Y HORA DE LA ÚLTIMA TRANSACCIÓN
campo de control 20250830011646.0
007 - CAMPO FIJO DE DESCRIPCIÓN FÍSICA--INFORMACIÓN GENERAL
campo de control de longitud fija t|
008 - DATOS DE LONGITUD FIJA--INFORMACIÓN GENERAL
campo de control de longitud fija 950213s1988 sp ||||1| spa d
020 ## - NÚMERO INTERNACIONAL ESTÁNDAR DEL LIBRO
Número Internacional Estándar del Libro 84-85646-32-0
080 ## - NÚMERO DE LA CLASIFICACIÓN DECIMAL UNIVERSAL
Número de la Clasificación Decimal Universal 657.6:621-52(061.3)
080 ## - NÚMERO DE LA CLASIFICACIÓN DECIMAL UNIVERSAL
Número de la Clasificación Decimal Universal 621-52(061.3):657.6
111 2# - ENTRADA PRINCIPAL--NOMBRE DE CONGRESO/REUNIÓN
Nombre de congreso/reunión o jurisdicción como elemento de entrada Congreso Iberoamericano de Informática y Auditoría (
Número del congreso/reunión o número de parte o sección 1º.
Fecha del congreso o de la firma del tratado 1987.
Sede del congreso/Lugar de la reunión San Juan, Puerto Rico)
9 (RLIN) 392
245 10 - MENCIÓN DEL TÍTULO
Título I Congreso Iberoamericano de Informática y Auditoría
Resto del título : [actas].
260 ## - PUBLICACIÓN, DISTRIBUCIÓN, ETC.
Lugar de publicación, distribución, etc. Madrid :
Nombre del editor, distribuidor, etc. CREI, Centro Regional del IBI para la Enseñanza de la Informática,
Fecha de publicación, distribución, etc. D.L. 1988.
300 ## - DESCRIPCIÓN FÍSICA
Extensión IV, 513 p. ;
Dimensiones 25 cm.
504 ## - NOTA DE BIBLIOGRAFÍA, ETC.
Nota de bibliografía, etc. Bibliografía.
650 14 - PUNTO DE ACCESO ADICIONAL DE MATERIA--TÉRMINO DE MATERIA
Término de materia o nombre geográfico como elemento de entrada Auditoría-
Subdivisión general Proceso de datos-
Subdivisión de forma Congresos y asambleas.
9 (RLIN) 10416
710 2# - ENTRADA AGREGADA--NOMBRE DE ENTIDAD CORPORATIVA
Nombre de entidad corporativa o nombre de jurisdicción como elemento de entrada Centro Regional para la Enseñanza de la Informática (Madrid)
9 (RLIN) 2784
852 ## - LOCALIZACIÓN
Ubicación ES-MaACL
Número de control de estantería L-17602
Sublocalización o colección R.121247
Holdings
Estatus retirado Estado de pérdida Estado de daño No para préstamo Biblioteca de origen Biblioteca actual Ubicación en estantería Fecha de adquisición Fuente de adquisición Total de préstamos Signatura topográfica completa Código de barras Visto por última vez Precio de reemplazo Tipo de ítem Koha
        Biblioteca del Ateneo de Madrid Biblioteca del Ateneo de Madrid Depósito 2 17/01/2008     L-17602 1010317 23/02/2023 23/02/2023 Libro impreso